000 00683nam a2200289Ia 4500
005 20260324121251.0
008 008 260324s9999 xx 000 0 eng d
020 _a9780429168468
037 _aEBOOK
040 _aCRL
040 _beng
040 _cCRL
041 _2eng
041 _aeng
084 _qCRL
100 _aJacinto Sa
_91161778
245 0 _aHigh-Resolution XAS/XES
245 0 _bAnalyzing Electronic Structures of Catalysts
260 _bTaylor and Francis
260 _c2014
365 _a
365 _b435
856 _uhttp://www.taylorfrancis.com/books/9780429168468
942 _cEBOOK
999 _c1753849
_d1753849